Coping with the free market city: collective action in six Latin American Cities at the end of the twentieth century /
Đã lưu trong:
| Tác giả chính: | |
|---|---|
| Tác giả khác: | |
| Định dạng: | Texto |
| Những chủ đề: | |
| Các nhãn: |
Thêm thẻ
Không có thẻ, Là người đầu tiên thẻ bản ghi này!
|
MARC
| LEADER | 00000 a a2200000 04500 | ||
|---|---|---|---|
| 001 | 9283 | ||
| 003 | |||
| 040 | |||
| 100 | |a Roberts, Bryan R. | ||
| 245 | |a Coping with the free market city: |b collective action in six Latin American Cities at the end of the twentieth century / |c Bryan R Roberts ; Alejandro Portes | ||
| 650 | |a MERCADO | ||
| 650 | |a LIBRE COMERCIO | ||
| 650 | |a ECONOMIA | ||
| 650 | |a MOVILIZACION SOCIAL | ||
| 650 | |a POLITICA | ||
| 700 | |a Portes, Alejandro | ||
| 773 | |g volumen 41, número 2; páginas 57-83 | ||
| 999 | |c 39880 |d 39880 | ||
